00952nam a2200193 a 450000100100000000500170001000800410002704000250006808200150009310000270010824501280013526000570026330000410032049000720036183000760043395201130050995201190062299900170074100002936020250924073803.0110415s1985 dr cd 000 0 spa d aDO-SdBNPbspacBNPHU axxxbB681m1 aBoin, Jacqueline9779913aEl método Marx :bun viraje en el pensamiento y en la acción de la humanidad /cJacqueline Boin, José Serrulle Ramia. aSanto Domingo :bEditora Universitaria- UASD,c1985. a43 p. :bdiagramas, retrs. ;c21 cm.1 aPublicaciones de la Universidad Autónoma de Santo Domingovv. 400 aPublicaciones de la Universidad Autónoma de Santo Domingovv. 400952 0010718PDaPDbPDcCTd2011-04-15iLF1l0oxxx B681mp29360-10r2020-06-25w2020-06-25yLFPDZNo se presta 0010718PDaPDbPDcCTd2011-04-27iLF1l0oxxx B681mp29360-20r2020-06-25te. 2w2020-06-25yLFPDZNo se presta c28852d28852